ბათუმის შოთა რუსთაველის სახელმწიფო უნივერსიტეტის ბიბლიოთეკა

Флора Кавказа. Т.5 (ბიბ.ჩანაწერი № 45568)

000 -LEADER
fixed length control field 00586nam a2200229Ia 4500
001 - CONTROL NUMBER
control field 12394
003 - CONTROL NUMBER IDENTIFIER
control field GE_BSU
008 - FIXED-LENGTH DATA ELEMENTS--GENERAL INFORMATION
fixed length control field 181216s||||||||xx |||||||||||||| ||und||
040 ## - CATALOGING SOURCE
Transcribing agency GE_BSU
080 ## - UNIVERSAL DECIMAL CLASSIFICATION NUMBER
Universal Decimal Classification number 581.9(479)
100 ## - MAIN ENTRY--PERSONAL NAME
Personal name Гроссгейм,А.А.
245 ## - TITLE STATEMENT
Title Флора Кавказа. Т.5
245 ## - TITLE STATEMENT
Remainder of title Rosaceale-Leguminosale
245 ## - TITLE STATEMENT
Statement of responsibility, etc. Отв.ред.А.Федоров
260 ## - PUBLICATION, DISTRIBUTION, ETC.
Place of publication, distribution, etc. Москва
260 ## - PUBLICATION, DISTRIBUTION, ETC.
Name of publisher, distributor, etc. Акад.Наук СССР
260 ## - PUBLICATION, DISTRIBUTION, ETC.
Date of publication, distribution, etc. 1952
300 ## - PHYSICAL DESCRIPTION
Extent 453стр.27см
300 ## - PHYSICAL DESCRIPTION
Accompanying material карты
653 ## - INDEX TERM--UNCONTROLLED
Uncontrolled term Флора Кавказа
942 ## - ADDED ENTRY ELEMENTS (KOHA)
Koha item type წიგნი
ეგზემპლარები
Withdrawn status Lost status Damaged status Not for loan Date acquired Barcode Date last seen Price effective from Koha item type
        2018-12-17 20413 2018-12-17 2018-12-17 წიგნი